[Event "2nd Stars Cup 2017"]
[Site "Anzali"]
[Date "2017.07.18"]
[Round "7"]
[White "Idani, Pouya"]
[Black "Shirov, Alexei"]
[Result "1-0"]
[WhiteElo "2578"]
[BlackElo "2656"]
[Annotator "TA"]
[PlyCount "85"]
[EventDate "2017.??.??"]
[EventType "schev"]
[EventCountry "IRI"]
[SourceTitle "playchess.com"]
[Source "ChessBase"]
[SourceQuality "1"]

{[%evp 24,85,21,21,30,27,27,32,36,17,25,21,41,41,36,17,42,36,41,13,22,20,24,15,8,4,8,8,20,5,5,0,0,0,0,0,0,0,0,0,4,0,26,0,21,36,27,29,91,91,170,164,184,150,432,407,800,800,741,730,1329,1308,1305,1280]} 1. e4 e5 2. Nf3 Nc6 3. Bb5 {[%cal Bf1b5,Bb5a4,Ba4b3][%mdl 32]} a6 4. Ba4 Nf6 5. O-O Be7 6. Re1 b5 7. Bb3 O-O 8. c3 d6 9. d4 Bg4 10. Be3 Bh5 11. Nbd2 Na5 {C91: Closed Ruy Lopez: 7...d6 8 c3 0-0 9 d4} (11... d5 12. Bg5 exd4 13. exd5 dxc3 14. dxc6 cxd2 15. Qxd2 Qxd2 16. Bxd2 Bd6 17. Nh4 Rad8 18. Bc3 Bg4 19. h3 {½-½ (36) Ponomariov,R (2712)-Svidler,P (2756) Khanty-Mansiysk 2017}) 12. dxe5 dxe5 13. h3 {LiveBook: 9 Games} Qd6 {The position is equal.} 14. Bc2 $146 ({Predecessor:} 14. g4 Bg6 15. Nxe5 Bxe4 16. Bf4 Nxb3 17. axb3 Rfd8 18. Ng6 Qe6 19. Nxe7+ Qxe7 20. Bg5 Rd3 21. Bxf6 gxf6 22. Rxe4 Qc5 23. Qe2 Rxh3 24. Kg2 Rh4 25. Nf3 Rh6 26. Qe3 {1-0 (26) Tsolakidou,S (2240)-Stetsko,L (2261) Tromsoe 2014}) 14... c5 15. Qe2 Rfd8 16. Nf1 Nc4 17. Bc1 Qc7 18. Ng3 Bxf3 19. Qxf3 g6 20. Nf1 Rd6 21. a4 {Threatening axb5.} (21. b3 $5 {[%cal Rb3c4]} Na5 22. Bg5 $11) 21... b4 22. Qe2 Na5 $1 23. Nd2 bxc3 24. bxc3 c4 25. Rb1 Rd7 26. g3 Kg7 27. Kg2 Rad8 28. Nf3 {[%cal Bd2f3,Bf3h2,Bh2g4,Bg4e3,Be3d5][%mdl 32]} Bc5 29. Rd1 Rxd1 30. Bxd1 Nd7 31. Bc2 Ba7 32. Nh2 Qc6 (32... Nb3 $5) 33. Qf3 {Threatens to win with Bh6+!} f6 34. Ng4 h5 $1 {[%cal Rh5g4]} 35. Ne3 $1 Nc5 (35... Nb3 $11) 36. Nd5 $16 Nab3 (36... Ncb3 $16 {keeps fighting.}) 37. Be3 $18 f5 38. Bg5 $36 {[%mdl 2048] Black is under strong pressure.} Rd7 $2 (38... Nd2 $16 {was called for.} 39. Bxd2 fxe4 40. Bxe4 (40. Qe3 Rxd5 41. Qh6+ Kg8 $16) 40... Nxe4 41. Qxe4 Rxd5) 39. Rd1 fxe4 {[#]} (39... Rf7 $142 40. exf5 gxf5 41. Qxh5 (41. Bxf5 Nd3 $16) 41... Nd3) 40. Bh6+ $1 {[%mdl 512] White is clearly winning.} Kxh6 41. Qf8+ Rg7 42. Ne7 Qe6 43. Qh8+ {Precision: White = 63%, Black = 45%.} 1-0

[Event "2nd Stars Cup 2017"]
[Site "Anzali"]
[Date "2017.07.18"]
[Round "7"]
[White "Ghaem Maghami, Ehsan"]
[Black "Bruzon Batista, Lazaro"]
[Result "1/2-1/2"]
[WhiteElo "2556"]
[BlackElo "2653"]
[Annotator "TA"]
[PlyCount "50"]
[EventDate "2017.??.??"]
[EventType "schev"]
[EventCountry "IRI"]
[SourceTitle "playchess.com"]
[Source "ChessBase"]
[SourceQuality "1"]

{[%evp 25,50,14,28,0,11,0,0,0,0,0,0,0,0,1,10,5,7,14,7,10,15,0,9,0,16,0,0]} 1. e4 e5 2. Nf3 Nf6 3. Nxe5 d6 4. Nf3 Nxe4 5. d4 d5 6. Bd3 Be7 7. O-O Bf5 8. Re1 O-O 9. Nbd2 {[%cal Bb1d2,Bd2f1,Bf1g3][%mdl 32] C42: Petroff Defence: 3 Nxe5 and unusual White 3rd moves} (9. c4 Nc6 10. Nc3 Nxc3 11. bxc3 Bxd3 12. Qxd3 dxc4 13. Qxc4 Qd7 14. Bf4 Bd6 15. Bxd6 cxd6 16. Re2 d5 17. Qd3 Rae8 {½-½ (40) Predke,A (2550)-Zvjaginsev,V (2677) Kolomna 2016}) 9... Nd6 10. Nf1 Nd7 11. Ng3 Bxd3 12. Qxd3 Re8 13. Bf4 c6 {LiveBook: 3 Games} 14. Re2 Bf8 $146 {The position is equal.} ({Predecessor:} 14... Nf6 15. Rae1 Nfe4 {½-½ (15) Egedi,I (2333)-Mathe,G (2349) Hungary 2008}) 15. Rae1 (15. Bxd6 $5 Bxd6 16. Rxe8+ Qxe8 17. Nf5 $14) 15... Rxe2 16. Rxe2 Qf6 17. Be5 Qg6 18. Qb3 b5 19. Bxd6 Bxd6 20. Qc3 $36 {[%mdl 2048] White has some pressure.} Bf8 21. Qa5 Qd6 22. Nf5 Qf6 23. Ng3 Qd6 24. Nf5 Qf6 25. Ng3 Qd6 {Precision: White = 50%, Black = 76%.} 1/2-1/2